000 00537cam a2200145 4500500
005 20260322014837.0
041 _afre
042 _adc
100 1 0 _aBarberis, Pierre
_eauthor
700 1 0 _aBirat, Jean-Pierre
_eauthor
700 1 0 _aChampion, Yannick
_eauthor
245 0 0 _aEssais mécaniques sur les métaux et alliages
260 _bTechniques de l'ingénieur,
_c2025.
856 4 1 _uhttps://stm.cairn.info/techniques-de-l-ingenieur-essais-mecaniques-sur-les-metaux-et-alliages--42531210?lang=fr&redirect-ssocas=7080
999 _c1791738
_d1791738